000 00358nam a2200145Ia 4500
008 221030s9999 xx 000 0 und d
041 _aEnglish
082 _a105.23
_bTup
100 _aR. H. Tupkari
245 0 _aIntroduction to Modern Iron Making
_cby R. H. Tupkari
260 _bKhanna Pub.
_aNew Delhi
_c1989
300 _a307
650 _aEE
942 _cBK
999 _c970
_d970